000 00507nam a22001937a 4500
003 OSt
005 20150924153126.0
008 150924b xxu||||| |||| 00| 0 eng d
020 _a9780470542620
040 _cDDC
082 _a303.34 SPR 2010
100 _aSprenger, Marilee
_95768
245 _aThe Leadership Brain for Dummies
260 _aNwe Jersey;
_bWiley,
_c2010
300 _axviii,340p;
_bill:
_c24cm
504 _aIndex included
650 _aManagement, Leadership
_95769
942 _2z
_cO_SHELF
999 _c2277
_d2277